Assam Politics in Post-Congress Era: 1985 and beyond/ (Record no. 178463)

MARC details
000 -LEADER
fixed length control field 00802nam a22002177a 4500
005 - DATE AND TIME OF LATEST TRANSACTION
control field 20210331130458.0
010 ## - LCCN (DPL NO)
LC control number ENG-129357
020 ## - INTERNATIONAL STANDARD BOOK NUMBER
International Standard Book Number 978-93-5388-364-5
Terms of availability 1095.00
035 ## - SYSTEM CONTROL NUMBER
System control number EN-112889
037 ## - SOURCE OF ACQUISITION
Source of stock number/acquisition DBAD/PUB
082 ## - DEWEY DECIMAL CLASSIFICATION NUMBER
Classification number 320.954162
100 ## - MAIN ENTRY--PERSONAL NAME
Personal name Goswami, Sandhya
245 ## - TITLE STATEMENT
Title Assam Politics in Post-Congress Era: 1985 and beyond/
Statement of responsibility, etc Sandhya Goswami
260 ## - PUBLICATION, DISTRIBUTION, ETC. (IMPRINT)
Place of publication, distribution, etc New Delhi
Name of publisher, distributor, etc Sage Publication India
Date of publication, distribution, etc 2020
270 ## - ADDRESS
Address B1/1-1 Mohan Cooperative Industrial Area Mathura Road
City New Delhi
Postal code 110044
300 ## - PHYSICAL DESCRIPTION
Extent xviii+188p.
Dimensions 22cm(hbk)
Other physical details Including tables, bibliographical references and index.
490 ## - SERIES STATEMENT
Series statement Sage Series on Politics in Indian States
Volume number/sequential designation Vol 4
760 ## - MAIN SERIES ENTRY
Edition Palshikar, Suhas, Ed.
760 ## - MAIN SERIES ENTRY
Edition Deshpande, Rajeshwari, Ed.
942 ## - ADDED ENTRY ELEMENTS (KOHA)
Source of classification or shelving scheme Dewey Decimal Classification
Item type English Books
Classification part 320.954162
Call number suffix GOS
Holdings
Withdrawn status Lost status Not for loan Collection code Home library Current library Date acquired Source of acquisition Cost, normal purchase price Full call number Barcode Copy number Cost, replacement price Koha item type
      Non-fiction Shahdara Branch Shahdara Branch 31/03/2021 EN-112889 1095.00 320.954162 GOS EN-112889 1 1095.00 English Books

© Delhi Public Library
Hit Counter
free hit counter